000 00991nam a2200265 a 4500
001 26088
003 CO-ViMGA
005 20230915232145.0
008 141112s2004 ck r 000 u spa d
015 _ack - 2012 - xxxx
020 _a9789584232830
040 _aCO-ViMGA
_bspa
_cCO-ViMGA
041 _aspa eng
082 0 4 _a330 A23p
100 1 _aAcemoglu, Daron.
_940707
245 1 0 _aPor qué fracasan los países :
_blos orígenes del poder, la prosperidad y la pobreza /
_cDaron Acemoglu, James A. Robinson ; traducido por Marta García Madera.
260 _aBogotá ; Barcelona :
_bEdiciones Deusto,
_c2012.
300 _a589 p. : il., mapa ; 23 cm.
504 _aIncluye bibliografía.
650 1 4 _aPobreza - Historia.
_940708
700 1 _aRobinson, James A.
_940709
852 _13.238.60
942 _2ddc
_cBK
999 _c33309
_d33309